000 00352nam a2200109Ia 4500
008 171211s9999 xx 000 0 und d
245 _aDo more with SOA Integration: Best of Packt
245 _cArun Poduval
260 _c2011
650 _xIT eBOOKS
856 _uhttp://down.ebook777.com/020/Do%20more%20with%20SOA%20Integration%20Best%20of%20Packt.pdf
999 _c349827
_d349827